Κριτήρια επιλογής σημαίας : η περίπτωση της ελληνικής σημαίας : διπλωματική εργασία

Αποθηκεύτηκε σε:
Λεπτομέρειες βιβλιογραφικής εγγραφής
Κύριος συγγραφέας: Πασχοπούλου, Ντανούτα-Μαρία
Συγγραφή απο Οργανισμό/Αρχή: Πανεπιστήμιο Αιγαίου Σχολή Επιστημών της Διοίκησης Τμήμα Ναυτιλίας και Επιχειρηματικών Υπηρεσιών Πρόγραμμα Μεταπτυχιακών Σπουδών "Ναυτιλία, Μεταφορές και Διεθνές Εμπόριο - ΝΑ.Μ.Ε."
Άλλοι συγγραφείς: Λεκάκου, Μαρία (Εισηγητής διατριβής)
Μορφή: Thesis Βιβλίο
Γλώσσα:Greek
Δημοσίευση: [2012?]
Θέματα:
Διαθέσιμο Online:http://hdl.handle.net/11610/12936
Ετικέτες: Προσθήκη ετικέτας
Δεν υπάρχουν, Καταχωρήστε ετικέτα πρώτοι!

MARC

LEADER 00000cam a2200000 i 4500
001 1/44715
008 140324q2012 gre d
035 |l 10117176 
040 |a GR-MY-UA  |b gre  |e aacr 
041 0 |a gre 
082 0 |a 387.2025  |2 (22) 
100 1 |a Πασχοπούλου, Ντανούτα-Μαρία. 
245 1 0 |a Κριτήρια επιλογής σημαίας :  |b η περίπτωση της ελληνικής σημαίας : διπλωματική εργασία /  |c Πασχοπούλου Ντανούτα - Μαρία ; επιβλέπουσα καθηγήτρια: Λεκάκου Μαρία 
260 |c [2012?] 
300 |a 117 σ.;  |b πίν.;  |c 30 εκ. 
502 |a Διατριβή (μεταπτυχιακή) – Πανεπιστήμιο Αιγαίου, Χίος, 2012. 
504 |a Περιλαμβάνει βιβλιογραφία 
650 0 0 |a Shipping  |z Greece. 
650 0 0 |a Ship registers. 
650 0 0 |a Shipping  |x Directories. 
650 0 0 |a Ships  |x Nationality. 
650 0 0 |a Flags of convenience. 
650 0 0 |a Ships  |x Registration and transfer. 
650 0 0 |a Dissertations, Academic  |z Greece. 
700 1 |a Λεκάκου, Μαρία.  |4 ths 
710 1 |a Πανεπιστήμιο Αιγαίου  |b Σχολή Επιστημών της Διοίκησης  |b Τμήμα Ναυτιλίας και Επιχειρηματικών Υπηρεσιών  |b Πρόγραμμα Μεταπτυχιακών Σπουδών "Ναυτιλία, Μεταφορές και Διεθνές Εμπόριο - ΝΑ.Μ.Ε.". 
852 |a INST  |b CHIOS  |c DIATR  |e 20140324  |h 387.2025 ΠΑΣ  |p 005200034917  |q 005200034917  |t MTXE  |y 23 
852 |a INST  |b CHIOS  |c DIATR  |e 20140324  |h 387.2025 ΠΑΣ  |p 005200034918  |q 005200034918  |t MTXE  |y 23 
856 |u http://hdl.handle.net/11610/12936 
901 |a BIBL2-2014-1 
909 |a Χ  |b 176048 
909 |a Χ  |b 176049 
924 |a Πασχοπούλου  |b Ντανούτα - Μαρία  |y Χίος  |z 2012-11 
970 |a Παροικάκη  |b Βασιλική  |z 2014/03/24